000 00318nam a22001337a 4500
020 _qPB.
040 _cFIZZA ISHAQ
082 _a530
_bJEW
100 _aJEWET,SERWAY.
_9131054
245 _aPHYSICS FOR SCIENTISTS & ENGINEERS /
_cSERWAY JEWET.
260 _aNEW YORK;
_c1988.
300 _a736 P. ;
942 _2ddc
_cBK
999 _c615131
_d615131